[Event "M.I. Dvoretsky Memorial 2022"]
[Site "Moscow, Russia"]
[Date "2022.12.11"]
[Round "3.2"]
[White "Riazantsev, Alexander"]
[Black "Nesterov, Arseniy"]
[Result "1/2-1/2"]
[TimeControl "45'+15\""]
[WhiteTitle "GM"]
[BlackTitle "GM"]
[WhiteFideId "4125029"]
[BlackFideId "24198455"]
[WhiteElo "2626"]
[BlackElo "2573"]

1. d4 {[%clk 00:45:26]} {[%emt 00:00:03]} Nf6 {[%clk 00:45:22]} {[%emt
00:00:09]} 2. c4 {[%clk 00:45:28]} {[%emt 00:00:13]} e6 {[%clk 00:45:31]}
{[%emt 00:00:06]} 3. Nf3 {[%clk 00:45:24]} {[%emt 00:00:18]} d5 {[%clk
00:45:39]} {[%emt 00:00:07]} 4. g3 {[%clk 00:45:25]} {[%emt 00:00:15]} dxc4
{[%clk 00:44:19]} {[%emt 00:01:35]} 5. Bg2 {[%clk 00:45:28]} {[%emt 00:00:10]}
Nc6 {[%clk 00:44:28]} {[%emt 00:00:07]} 6. Qa4 {[%clk 00:41:27]} {[%emt
00:04:16]} Bb4+ {[%clk 00:44:37]} {[%emt 00:00:06]} 7. Bd2 {[%clk 00:41:14]}
{[%emt 00:00:28]} Nd5 {[%clk 00:44:47]} {[%emt 00:00:05]} 8. Qc2 {[%clk
00:35:01]} {[%emt 00:06:28]} Nb6 {[%clk 00:39:06]} {[%emt 00:05:56]} 9. O-O
{[%clk 00:29:31]} {[%emt 00:05:45]} Bxd2 {[%clk 00:37:43]} {[%emt 00:01:38]} 10.
Qxd2 {[%clk 00:29:44]} {[%emt 00:00:01]} O-O {[%clk 00:37:00]} {[%emt
00:00:58]} 11. Qc3 {[%clk 00:26:01]} {[%emt 00:03:59]} e5 {[%clk 00:33:33]}
{[%emt 00:03:43]} 12. dxe5 {[%clk 00:25:10]} {[%emt 00:01:05]} Be6 {[%clk
00:33:33]} {[%emt 00:00:14]} 13. Na3 {[%clk 00:18:48]} {[%emt 00:06:35]} Qe7
{[%clk 00:32:54]} {[%emt 00:00:54]} 14. Nd2 {[%clk 00:13:01]} {[%emt 00:06:02]}
Qc5 {[%clk 00:26:11]} {[%emt 00:06:58]} 15. Ne4 {[%clk 00:11:30]} {[%emt
00:01:46]} Qxe5 {[%clk 00:26:07]} {[%emt 00:00:19]} 16. Qxe5 {[%clk 00:11:41]}
{[%emt 00:00:04]} Nxe5 {[%clk 00:26:17]} {[%emt 00:00:05]} 17. Nc5 {[%clk
00:11:55]} {[%emt 00:00:01]} Bd5 {[%clk 00:25:55]} {[%emt 00:00:37]} 18. Nxb7
{[%clk 00:09:51]} {[%emt 00:02:19]} Bxg2 {[%clk 00:24:21]} {[%emt 00:01:49]} 19.
Kxg2 {[%clk 00:10:05]} {[%emt 00:00:01]} Na4 {[%clk 00:23:27]} {[%emt
00:01:09]} 20. Rfc1 {[%clk 00:07:22]} {[%emt 00:02:58]} Rfb8 {[%clk 00:21:15]}
{[%emt 00:02:27]} 21. Nxc4 {[%clk 00:06:00]} {[%emt 00:01:37]} Nxc4 {[%clk
00:21:18]} {[%emt 00:00:12]} 22. Rxc4 {[%clk 00:06:14]} {[%emt 00:00:01]} Rxb7
{[%clk 00:17:06]} {[%emt 00:04:26]} 23. Rxa4 {[%clk 00:06:28]} {[%emt
00:00:01]} Rxb2 {[%clk 00:17:15]} {[%emt 00:00:07]} 24. Rc1 {[%clk 00:06:36]}
{[%emt 00:00:07]} Rb7 {[%clk 00:14:57]} {[%emt 00:02:32]} 25. Rac4 {[%clk
00:04:48]} {[%emt 00:02:02]} Rc8 {[%clk 00:15:05]} {[%emt 00:00:07]} 26. g4
{[%clk 00:04:57]} {[%emt 00:00:06]} g6 {[%clk 00:14:42]} {[%emt 00:00:38]} 27.
R1c2 {[%clk 00:04:48]} {[%emt 00:00:24]} a5 {[%clk 00:13:01]} {[%emt 00:01:55]}
28. h3 {[%clk 00:03:37]} {[%emt 00:01:26]} Rb4 {[%clk 00:11:23]} {[%emt
00:01:53]} 29. Rc6 {[%clk 00:01:41]} {[%emt 00:02:11]} a4 {[%clk 00:09:51]}
{[%emt 00:01:47]} 30. R6c4 {[%clk 00:01:39]} {[%emt 00:00:17]} Rxc4 31. Rxc4
{[%clk 00:01:53]} c5 {[%clk 00:08:16]} {[%emt 00:00:13]} 32. Kf3 {[%clk
00:01:50]} {[%emt 00:00:18]} Rb8 {[%clk 00:06:42]} {[%emt 00:01:48]} 33. Rxa4
{[%clk 00:01:47]} {[%emt 00:00:19]} Rb2 {[%clk 00:06:51]} {[%emt 00:00:05]} 34.
Rc4 {[%clk 00:00:34]} {[%emt 00:01:29]} Rxa2 {[%clk 00:07:01]} {[%emt
00:00:06]} 35. Rxc5 {[%clk 00:00:48]} {[%emt 00:00:01]} Kg7 {[%clk 00:06:57]}
{[%emt 00:00:19]} 36. h4 {[%clk 00:01:01]} h6 {[%clk 00:06:54]} {[%emt
00:00:18]} 37. e3 {[%clk 00:01:07]} {[%emt 00:00:10]} Rb2 {[%clk 00:07:00]}
{[%emt 00:00:08]} 38. Rd5 {[%clk 00:01:21]} {[%emt 00:00:02]} Ra2 {[%clk
00:07:02]} {[%emt 00:00:13]} 39. Kg3 {[%clk 00:01:34]} {[%emt 00:00:02]} Re2
{[%clk 00:07:07]} {[%emt 00:00:10]} 40. Ra5 {[%clk 00:01:47]} {[%emt 00:00:02]}
Kf6 {[%clk 00:06:47]} {[%emt 00:00:34]} 41. Ra6+ {[%clk 00:01:51]} {[%emt
00:00:12]} Kg7 {[%clk 00:06:57]} {[%emt 00:00:05]} 42. Ra5 {[%clk 00:02:04]}
{[%emt 00:00:02]} Kf6 {[%clk 00:07:03]} {[%emt 00:00:08]} 43. g5+ {[%clk
00:02:13]} {[%emt 00:00:07]} hxg5 {[%clk 00:07:13]} {[%emt 00:00:05]} 44. hxg5+
{[%clk 00:02:23]} {[%emt 00:00:04]} Kg7 {[%clk 00:06:16]} {[%emt 00:01:12]} 45.
Rd5 {[%clk 00:02:26]} {[%emt 00:00:13]} Kf8 {[%clk 00:06:15]} {[%emt 00:00:16]}
46. Rd4 {[%clk 00:02:39]} {[%emt 00:00:02]} Kg7 {[%clk 00:06:19]} {[%emt
00:00:11]} 47. e4 {[%clk 00:02:45]} {[%emt 00:00:09]} Re1 {[%clk 00:06:18]}
{[%emt 00:00:16]} 48. Kf4 {[%clk 00:01:50]} {[%emt 00:01:11]} Rg1 {[%clk
00:06:03]} {[%emt 00:00:29]} 49. Rd5 {[%clk 00:01:57]} {[%emt 00:00:08]} Rg2
{[%clk 00:06:12]} {[%emt 00:00:06]} 50. Ke3 {[%clk 00:02:05]} {[%emt 00:00:07]}
Rg1 {[%clk 00:06:17]} {[%emt 00:00:09]} 51. Kf4 {[%clk 00:01:35]} {[%emt
00:00:45]} Rg2 {[%clk 00:06:25]} {[%emt 00:00:07]} 52. f3 {[%clk 00:01:49]}
{[%emt 00:00:01]} Rg1 {[%clk 00:06:28]} {[%emt 00:00:12]} 53. Rd7 {[%clk
00:02:01]} {[%emt 00:00:03]} Rg2 {[%clk 00:06:28]} {[%emt 00:00:15]} 54. Rd6
{[%clk 00:02:15]} {[%emt 00:00:01]} Rg1 {[%clk 00:06:31]} {[%emt 00:00:11]} 55.
Rd5 {[%clk 00:02:11]} {[%emt 00:00:20]} Rg2 {[%clk 00:06:40]} {[%emt 00:00:06]}
56. Ke3 {[%clk 00:02:25]} {[%emt 00:00:01]} Kg8 {[%clk 00:06:32]} {[%emt
00:00:22]} 57. f4 {[%clk 00:02:30]} {[%emt 00:00:11]} Kg7 {[%clk 00:06:04]}
{[%emt 00:00:43]} 58. Kd4 {[%clk 00:02:40]} {[%emt 00:00:05]} Rg4 {[%clk
00:05:57]} {[%emt 00:00:22]} 59. Ke5 {[%clk 00:02:53]} {[%emt 00:00:02]} Rg1
{[%clk 00:05:48]} {[%emt 00:00:24]} 60. Rd3 {[%clk 00:03:00]} {[%emt 00:00:07]}
Rg4 {[%clk 00:05:47]} {[%emt 00:00:16]} 61. Rf3 {[%clk 00:02:57]} {[%emt
00:00:18]} Rg1 {[%clk 00:05:49]} {[%emt 00:00:14]} 62. Kd4 {[%clk 00:02:52]}
{[%emt 00:00:19]} Rd1+ {[%clk 00:05:48]} {[%emt 00:00:16]} 63. Rd3 {[%clk
00:03:05]} {[%emt 00:00:02]} Rf1 {[%clk 00:05:54]} {[%emt 00:00:09]} 64. Ke3
{[%clk 00:03:15]} {[%emt 00:00:05]} Re1+ {[%clk 00:05:54]} {[%emt 00:00:15]} 65.
Kf3 {[%clk 00:03:06]} {[%emt 00:00:24]} Rf1+ {[%clk 00:06:01]} {[%emt
00:00:06]} 66. Kg3 {[%clk 00:03:15]} {[%emt 00:00:08]} Re1 {[%clk 00:06:09]}
{[%emt 00:00:08]} 67. Rd4 {[%clk 00:03:29]} Rg1+ {[%clk 00:06:08]} {[%emt
00:00:16]} 68. Kf2 {[%clk 00:03:42]} {[%emt 00:00:02]} Ra1 {[%clk 00:05:59]}
{[%emt 00:00:23]} 69. Rd3 {[%clk 00:03:09]} {[%emt 00:00:49]} Rb1 {[%clk
00:06:04]} {[%emt 00:00:10]} 70. f5 {[%clk 00:02:22]} {[%emt 00:01:02]} gxf5
{[%clk 00:06:12]} {[%emt 00:00:08]} 71. exf5 {[%clk 00:02:36]} Rb5 {[%clk
00:06:19]} {[%emt 00:00:07]} 72. Rf3 {[%clk 00:02:50]} Ra5 {[%clk 00:06:10]}
{[%emt 00:00:24]} 73. Kg3 {[%clk 00:03:03]} {[%emt 00:00:03]} Ra1 {[%clk
00:06:17]} {[%emt 00:00:08]} 74. Re3 {[%clk 00:02:42]} {[%emt 00:00:36]} Rg1+
{[%clk 00:06:11]} {[%emt 00:00:21]} 75. Kf4 {[%clk 00:02:56]} {[%emt 00:00:02]}
Rf1+ {[%clk 00:06:18]} {[%emt 00:00:08]} 76. Rf3 {[%clk 00:02:44]} {[%emt
00:00:28]} Ra1 {[%clk 00:06:14]} {[%emt 00:00:18]} 77. Kg4 {[%clk 00:02:25]}
{[%emt 00:00:34]} Rg1+ {[%clk 00:05:25]} {[%emt 00:01:03]} 78. Rg3 {[%clk
00:02:39]} {[%emt 00:00:02]} Rf1 {[%clk 00:05:05]} {[%emt 00:00:35]} 79. Rh3
{[%clk 00:02:48]} {[%emt 00:00:07]} Rg1+ {[%clk 00:05:09]} {[%emt 00:00:11]} 80.
Rg3 {[%clk 00:02:43]} {[%emt 00:00:20]} Rf1 {[%clk 00:05:10]} {[%emt 00:00:14]}
81. Rg2 {[%clk 00:02:57]} {[%emt 00:00:01]} Ra1 {[%clk 00:05:15]} {[%emt
00:00:10]} 82. Rf2 {[%clk 00:02:15]} {[%emt 00:00:57]} Rg1+ {[%clk 00:05:08]}
{[%emt 00:00:21]} 83. Kf4 {[%clk 00:02:28]} {[%emt 00:00:02]} Ra1 {[%clk
00:05:15]} {[%emt 00:00:07]} 84. Rf3 {[%clk 00:02:33]} {[%emt 00:00:11]} Rg1
{[%clk 00:05:19]} {[%emt 00:00:11]} 85. Rf2 {[%clk 00:02:23]} {[%emt 00:00:26]}
Ra1 {[%clk 00:05:29]} {[%emt 00:00:05]} 86. Kg3 {[%clk 00:02:05]} {[%emt
00:00:34]} Rg1+ {[%clk 00:05:33]} {[%emt 00:00:11]} 87. Rg2 {[%clk 00:02:19]}
{[%emt 00:00:01]} Rf1 {[%clk 00:05:38]} {[%emt 00:00:09]} 88. Kg4 {[%clk
00:02:31]} {[%emt 00:00:02]} Ra1 {[%clk 00:05:33]} {[%emt 00:00:20]} 89. Rd2
{[%clk 00:01:37]} {[%emt 00:01:09]} Rg1+ {[%clk 00:05:32]} {[%emt 00:00:16]} 90.
Kf4 {[%clk 00:01:50]} {[%emt 00:00:02]} Rf1+ {[%clk 00:05:41]} {[%emt
00:00:06]} 91. Ke5 {[%clk 00:01:55]} {[%emt 00:00:11]} Rg1 {[%clk 00:04:52]}
{[%emt 00:01:04]} 92. Kf4 {[%clk 00:01:14]} {[%emt 00:00:55]} Rf1+ {[%clk
00:05:01]} {[%emt 00:00:06]} 93. Ke5 {[%clk 00:01:28]} {[%emt 00:00:01]} Rg1
{[%clk 00:05:10]} {[%emt 00:00:06]} 94. Kf4 {[%clk 00:01:42]} {[%emt 00:00:01]}
1/2-1/2

[Event "M.I. Dvoretsky Memorial 2022"]
[Site "Moscow, Russia"]
[Date "2022.12.11"]
[Round "3.4"]
[White "Murzin, Volodar"]
[Black "Zvjaginsev, Vadim"]
[Result "1/2-1/2"]
[TimeControl "45'+15\""]
[WhiteTitle "GM"]
[BlackTitle "GM"]
[WhiteFideId "44155573"]
[BlackFideId "4113403"]
[WhiteElo "2561"]
[BlackElo "2598"]

1. e4 {[%clk 00:45:27]} {[%emt 00:00:02]} e5 {[%clk 00:45:25]} {[%emt
00:00:06]} 2. Nf3 {[%clk 00:45:35]} {[%emt 00:00:08]} Nf6 {[%clk 00:45:36]}
{[%emt 00:00:03]} 3. d4 {[%clk 00:45:27]} {[%emt 00:00:23]} Nxe4 {[%clk
00:45:46]} {[%emt 00:00:05]} 4. Bd3 {[%clk 00:45:37]} {[%emt 00:00:05]} Nc6
{[%clk 00:45:56]} {[%emt 00:00:05]} 5. Nxe5 {[%clk 00:37:59]} {[%emt 00:07:53]}
Nxe5 {[%clk 00:45:32]} {[%emt 00:00:38]} 6. dxe5 {[%clk 00:38:07]} {[%emt
00:00:07]} Nc5 {[%clk 00:45:33]} {[%emt 00:00:14]} 7. Bc4 {[%clk 00:36:54]}
{[%emt 00:01:29]} d6 {[%clk 00:45:19]} {[%emt 00:00:28]} 8. O-O {[%clk
00:18:02]} {[%emt 00:19:06]} Be6 {[%clk 00:44:51]} {[%emt 00:00:43]} 9. Bxe6
{[%clk 00:17:39]} {[%emt 00:00:39]} Nxe6 {[%clk 00:44:59]} {[%emt 00:00:06]} 10.
exd6 {[%clk 00:17:16]} {[%emt 00:00:38]} Bxd6 {[%clk 00:44:59]} {[%emt
00:00:15]} 11. Qh5 {[%clk 00:15:36]} {[%emt 00:01:55]} O-O {[%clk 00:42:06]}
{[%emt 00:03:09]} 12. Rd1 {[%clk 00:13:47]} {[%emt 00:02:04]} Qf6 {[%clk
00:35:51]} {[%emt 00:06:26]} 13. Nc3 {[%clk 00:11:17]} {[%emt 00:02:46]} Qe5
{[%clk 00:31:12]} {[%emt 00:04:54]} 14. Qxe5 {[%clk 00:07:05]} {[%emt
00:04:27]} Bxe5 {[%clk 00:31:12]} {[%emt 00:00:15]} 15. Be3 {[%clk 00:07:15]}
{[%emt 00:00:06]} Rfd8 {[%clk 00:28:24]} {[%emt 00:03:03]} 16. Kf1 {[%clk
00:07:12]} {[%emt 00:00:18]} Kf8 {[%clk 00:27:29]} {[%emt 00:01:10]} 17. g3
{[%clk 00:06:27]} {[%emt 00:01:01]} Bxc3 {[%clk 00:24:37]} {[%emt 00:03:07]} 18.
bxc3 {[%clk 00:06:38]} {[%emt 00:00:04]} Ke7 {[%clk 00:24:44]} {[%emt
00:00:08]} 19. Rdb1 {[%clk 00:06:12]} {[%emt 00:00:42]} b6 {[%clk 00:24:44]}
{[%emt 00:00:14]} 20. a4 {[%clk 00:06:18]} {[%emt 00:00:08]} Rd6 {[%clk
00:19:55]} {[%emt 00:05:04]} 21. a5 {[%clk 00:06:20]} {[%emt 00:00:14]} Rad8
{[%clk 00:20:00]} {[%emt 00:00:09]} 22. axb6 {[%clk 00:06:09]} {[%emt
00:00:27]} axb6 {[%clk 00:20:11]} {[%emt 00:00:04]} 23. Ke2 {[%clk 00:05:53]}
{[%emt 00:00:31]} Rc6 {[%clk 00:19:36]} {[%emt 00:00:49]} 24. Ra3 {[%clk
00:05:28]} {[%emt 00:00:40]} f6 {[%clk 00:16:55]} {[%emt 00:02:56]} 25. Rb4
{[%clk 00:05:08]} {[%emt 00:00:35]} Rd7 {[%clk 00:16:53]} {[%emt 00:00:16]} 26.
h4 {[%clk 00:04:58]} {[%emt 00:00:25]} Kf7 {[%clk 00:16:39]} {[%emt 00:00:29]}
27. Rba4 {[%clk 00:04:11]} {[%emt 00:01:02]} Re7 {[%clk 00:15:09]} {[%emt
00:01:45]} 28. Kf1 {[%clk 00:04:15]} {[%emt 00:00:11]} Rd7 {[%clk 00:14:39]}
{[%emt 00:00:45]} 29. Ke2 {[%clk 00:04:27]} {[%emt 00:00:02]} Rd5 {[%clk
00:14:18]} {[%emt 00:00:36]} 30. c4 {[%clk 00:03:25]} {[%emt 00:01:19]} Rd7
{[%clk 00:13:57]} {[%emt 00:00:35]} 31. Rd3 {[%clk 00:03:33]} {[%emt 00:00:06]}
Re7 {[%clk 00:13:43]} {[%emt 00:00:29]} 32. Rd5 {[%clk 00:03:00]} {[%emt
00:00:49]} Nc5 {[%clk 00:13:20]} {[%emt 00:00:37]} 33. Ra7 {[%clk 00:02:07]}
{[%emt 00:01:08]} Nd7 {[%clk 00:12:57]} {[%emt 00:00:39]} 34. Ra4 {[%clk
00:02:09]} {[%emt 00:00:13]} Nc5 {[%clk 00:08:36]} {[%emt 00:04:35]} 35. Rb4
{[%clk 00:02:07]} {[%emt 00:00:17]} Na6 {[%clk 00:07:39]} {[%emt 00:01:12]} 36.
Ra4 {[%clk 00:02:20]} {[%emt 00:00:02]} Nc5 {[%clk 00:07:44]} {[%emt 00:00:09]}
37. Rb4 {[%clk 00:02:34]} {[%emt 00:00:02]} Na6 {[%clk 00:45:15]} {[%emt
00:00:13]} 1/2-1/2

[ePGN "0.1;DGT LiveChess/2.2.5"]

[Event "M.I. Dvoretsky Memorial 2022"]
[Site "Moscow, Russia"]
[Date "2022.12.11"]
[Round "4.1"]
[White "Nesterov, Arseniy"]
[Black "Dreev, Aleksey"]
[Result "1/2-1/2"]
[TimeControl "45'+15\""]
[WhiteTitle "GM"]
[BlackTitle "GM"]
[WhiteFideId "24198455"]
[BlackFideId "4100107"]
[WhiteElo "2573"]
[BlackElo "2606"]

1. d4 {[%clk 00:45:27]} {[%emt 00:00:02]} d5 {[%clk 00:45:24]} {[%emt
00:00:06]} 2. c4 {[%clk 00:45:38]} {[%emt 00:00:04]} c6 {[%clk 00:45:31]}
{[%emt 00:00:09]} 3. Nf3 {[%clk 00:45:47]} {[%emt 00:00:06]} Nf6 {[%clk
00:45:40]} {[%emt 00:00:05]} 4. Nc3 {[%clk 00:45:57]} {[%emt 00:00:05]} e6
{[%clk 00:45:51]} {[%emt 00:00:05]} 5. Bg5 {[%clk 00:46:07]} {[%emt 00:00:04]}
Nbd7 {[%clk 00:45:38]} {[%emt 00:00:28]} 6. cxd5 {[%clk 00:46:14]} {[%emt
00:00:09]} exd5 {[%clk 00:45:48]} {[%emt 00:00:06]} 7. e3 {[%clk 00:46:22]}
{[%emt 00:00:07]} Be7 {[%clk 00:45:24]} {[%emt 00:00:39]} 8. Qc2 {[%clk
00:46:26]} {[%emt 00:00:11]} Nh5 {[%clk 00:45:05]} {[%emt 00:00:34]} 9. Bxe7
{[%clk 00:46:14]} {[%emt 00:00:27]} Qxe7 {[%clk 00:45:14]} {[%emt 00:00:06]} 10.
Be2 {[%clk 00:45:48]} {[%emt 00:00:40]} g6 {[%clk 00:42:34]} {[%emt 00:02:55]}
11. O-O {[%clk 00:45:30]} {[%emt 00:00:34]} Nb6 {[%clk 00:41:59]} {[%emt
00:00:50]} 12. Bd3 {[%clk 00:45:26]} {[%emt 00:00:19]} O-O {[%clk 00:41:46]}
{[%emt 00:00:28]} 13. Rfe1 {[%clk 00:44:49]} {[%emt 00:00:52]} Be6 {[%clk
00:40:59]} {[%emt 00:01:02]} 14. Rab1 {[%clk 00:43:55]} {[%emt 00:01:09]} Nf6
{[%clk 00:30:11]} {[%emt 00:11:02]} 15. b4 {[%clk 00:43:08]} {[%emt 00:01:03]}
Rfc8 {[%clk 00:30:06]} {[%emt 00:00:20]} 16. h3 {[%clk 00:40:51]} {[%emt
00:02:32]} Rc7 {[%clk 00:27:05]} {[%emt 00:03:15]} 17. a4 {[%clk 00:40:32]}
{[%emt 00:00:36]} Nc8 {[%clk 00:25:46]} {[%emt 00:01:34]} 18. Qb2 {[%clk
00:35:51]} {[%emt 00:04:56]} Nd6 {[%clk 00:20:55]} {[%emt 00:05:06]} 19. b5
{[%clk 00:35:43]} {[%emt 00:00:22]} Rac8 {[%clk 00:17:35]} {[%emt 00:03:35]} 20.
bxc6 {[%clk 00:31:18]} {[%emt 00:04:41]} Rxc6 {[%clk 00:17:39]} {[%emt
00:00:11]} 21. Nb5 {[%clk 00:31:21]} {[%emt 00:00:12]} Nxb5 {[%clk 00:17:31]}
{[%emt 00:00:24]} 22. axb5 {[%clk 00:31:18]} {[%emt 00:00:18]} Rc3 {[%clk
00:17:25]} {[%emt 00:00:20]} 23. Ne5 {[%clk 00:31:18]} {[%emt 00:00:14]} Qa3
{[%clk 00:08:36]} {[%emt 00:09:04]} 24. Qxa3 {[%clk 00:30:49]} {[%emt
00:00:45]} Rxa3 {[%clk 00:08:45]} {[%emt 00:00:06]} 25. Ra1 {[%clk 00:30:30]}
{[%emt 00:00:34]} Rcc3 {[%clk 00:08:29]} {[%emt 00:00:30]} 26. Rxa3 {[%clk
00:30:41]} {[%emt 00:00:05]} Rxa3 {[%clk 00:08:40]} {[%emt 00:00:04]} 27. Rc1
{[%clk 00:30:49]} {[%emt 00:00:06]} Nd7 {[%clk 00:06:06]} {[%emt 00:02:48]} 28.
Nxd7 {[%clk 00:30:56]} {[%emt 00:00:10]} Bxd7 {[%clk 00:06:19]} {[%emt
00:00:02]} 29. Rc7 {[%clk 00:30:31]} {[%emt 00:00:39]} Be6 {[%clk 00:06:03]}
{[%emt 00:00:31]} 30. Be2 {[%clk 00:29:51]} {[%emt 00:00:54]} Ra1+ {[%clk
00:01:56]} {[%emt 00:04:23]} 31. Kh2 {[%clk 00:29:57]} {[%emt 00:00:10]} Ra2
{[%clk 00:02:10]} {[%emt 00:00:02]} 32. Bf3 {[%clk 00:30:01]} {[%emt 00:00:11]}
Rxf2 {[%clk 00:01:34]} {[%emt 00:00:50]} 33. Rxb7 {[%clk 00:30:11]} {[%emt
00:00:05]} Ra2 {[%clk 00:01:46]} {[%emt 00:00:02]} 34. e4 {[%clk 00:30:07]}
{[%emt 00:00:20]} dxe4 {[%clk 00:01:57]} {[%emt 00:00:04]} 35. Bxe4 {[%clk
00:30:21]} {[%emt 00:00:02]} Ra4 {[%clk 00:02:07]} {[%emt 00:00:05]} 36. Bc6
{[%clk 00:30:16]} {[%emt 00:00:19]} Rxd4 {[%clk 00:01:58]} {[%emt 00:00:24]} 37.
Rxa7 {[%clk 00:30:27]} {[%emt 00:00:04]} Bd5 {[%clk 00:01:39]} {[%emt
00:00:33]} 38. Kg3 {[%clk 00:27:28]} {[%emt 00:03:15]} Bxc6 {[%clk 00:01:30]}
{[%emt 00:00:24]} 39. bxc6 {[%clk 00:27:41]} {[%emt 00:00:02]} Rc4 {[%clk
00:01:44]} {[%emt 00:00:01]} 40. c7 {[%clk 00:27:21]} {[%emt 00:00:36]} Kg7
{[%clk 00:01:54]} {[%emt 00:00:04]} 41. Kf3 {[%clk 00:27:32]} {[%emt 00:00:04]}
Kf6 {[%clk 00:01:55]} {[%emt 00:00:14]} 42. Ke3 {[%clk 00:27:43]} {[%emt
00:00:04]} Ke6 {[%clk 00:01:34]} {[%emt 00:00:36]} 43. Ke4 {[%emt 00:00:21]}
Ke5+ 1/2-1/2

[Event "M.I. Dvoretsky Memorial 2022"]
[Site "Moscow, Russia"]
[Date "2022.12.11"]
[Round "4.2"]
[White "Grebnev, Aleksey"]
[Black "Riazantsev, Alexander"]
[Result "1/2-1/2"]
[TimeControl "45'+15\""]
[WhiteTitle "IM"]
[BlackTitle "GM"]
[WhiteFideId "34189030"]
[BlackFideId "4125029"]
[WhiteElo "2486"]
[BlackElo "2626"]

1. d4 {[%clk 00:45:26]} {[%emt 00:00:03]} Nf6 {[%clk 00:45:20]} {[%emt
00:00:10]} 2. c4 {[%clk 00:45:37]} {[%emt 00:00:05]} e6 {[%clk 00:45:31]}
{[%emt 00:00:03]} 3. Nc3 {[%clk 00:45:48]} {[%emt 00:00:03]} Bb4 {[%clk
00:45:41]} {[%emt 00:00:04]} 4. e3 {[%clk 00:45:58]} {[%emt 00:00:05]} O-O
{[%clk 00:45:36]} {[%emt 00:00:20]} 5. Bd2 {[%clk 00:46:08]} {[%emt 00:00:05]}
d5 {[%clk 00:45:21]} {[%emt 00:00:30]} 6. Nf3 {[%clk 00:46:17]} {[%emt
00:00:06]} Nbd7 {[%clk 00:44:48]} {[%emt 00:00:49]} 7. Rc1 {[%clk 00:45:16]}
{[%emt 00:01:16]} Be7 {[%clk 00:44:05]} {[%emt 00:00:57]} 8. Qc2 {[%clk
00:42:14]} {[%emt 00:03:17]} h6 {[%clk 00:41:58]} {[%emt 00:02:22]} 9. cxd5
{[%clk 00:36:40]} {[%emt 00:05:49]} exd5 {[%clk 00:41:59]} {[%emt 00:00:14]} 10.
Bd3 {[%clk 00:36:52]} {[%emt 00:00:03]} c6 {[%clk 00:42:08]} {[%emt 00:00:06]}
11. Ne2 {[%clk 00:35:27]} {[%emt 00:01:40]} Bd6 {[%clk 00:26:56]} {[%emt
00:15:28]} 12. Ng3 {[%clk 00:35:31]} {[%emt 00:00:10]} Re8 {[%clk 00:27:10]}
{[%emt 00:00:01]} 13. O-O {[%clk 00:34:46]} {[%emt 00:00:59]} a5 {[%clk
00:26:31]} {[%emt 00:00:55]} 14. Rfe1 {[%clk 00:32:18]} {[%emt 00:02:42]} Bxg3
{[%clk 00:25:57]} {[%emt 00:00:49]} 15. hxg3 {[%clk 00:32:27]} {[%emt
00:00:06]} Ne4 {[%clk 00:26:09]} {[%emt 00:00:03]} 16. Bc3 {[%clk 00:31:56]}
{[%emt 00:00:45]} Nf8 {[%clk 00:20:29]} {[%emt 00:05:55]} 17. Nd2 {[%clk
00:30:12]} {[%emt 00:02:00]} Bf5 {[%clk 00:19:19]} {[%emt 00:01:26]} 18. f3
{[%clk 00:26:48]} {[%emt 00:03:38]} Nxc3 {[%clk 00:18:26]} {[%emt 00:01:08]} 19.
bxc3 {[%clk 00:26:52]} {[%emt 00:00:12]} Bxd3 {[%clk 00:18:32]} {[%emt
00:00:09]} 20. Qxd3 {[%clk 00:26:33]} {[%emt 00:00:33]} Qd6 {[%clk 00:18:26]}
{[%emt 00:00:21]} 21. Kf2 {[%clk 00:26:08]} {[%emt 00:00:39]} b5 {[%clk
00:17:15]} {[%emt 00:01:27]} 22. e4 {[%clk 00:23:40]} {[%emt 00:02:43]} dxe4
{[%clk 00:17:16]} {[%emt 00:00:14]} 23. Nxe4 {[%clk 00:23:15]} {[%emt
00:00:41]} Qd5 {[%clk 00:17:06]} {[%emt 00:00:25]} 24. c4 {[%clk 00:22:07]}
{[%emt 00:01:23]} 1/2-1/2

[Event "M.I. Dvoretsky Memorial 2022"]
[Site "Moscow, Russia"]
[Date "2022.12.11"]
[Round "4.4"]
[White "Zvjaginsev, Vadim"]
[Black "Makarian, Rudik"]
[Result "1/2-1/2"]
[TimeControl "45'+15\""]
[WhiteTitle "GM"]
[BlackTitle "IM"]
[WhiteFideId "4113403"]
[BlackFideId "44105681"]
[WhiteElo "2598"]
[BlackElo "2554"]

1. e4 {[%clk 00:45:27]} {[%emt 00:00:02]} c5 {[%clk 00:45:00]} {[%emt
00:00:31]} 2. Nf3 {[%clk 00:45:28]} {[%emt 00:00:15]} e6 {[%clk 00:45:07]}
{[%emt 00:00:08]} 3. g3 {[%clk 00:43:44]} {[%emt 00:01:59]} Nc6 {[%clk
00:45:15]} {[%emt 00:00:06]} 4. Bg2 {[%clk 00:42:19]} {[%emt 00:01:40]} Nf6
{[%clk 00:45:20]} {[%emt 00:00:10]} 5. d3 {[%clk 00:42:30]} {[%emt 00:00:05]}
d5 {[%clk 00:45:19]} {[%emt 00:00:16]} 6. Nbd2 {[%clk 00:40:15]} {[%emt
00:02:30]} Be7 {[%clk 00:45:21]} {[%emt 00:00:13]} 7. O-O {[%clk 00:40:24]}
{[%emt 00:00:06]} O-O {[%clk 00:45:32]} {[%emt 00:00:04]} 8. a4 {[%clk
00:40:18]} {[%emt 00:00:22]} b6 {[%clk 00:42:46]} {[%emt 00:03:02]} 9. Re1
{[%clk 00:39:52]} {[%emt 00:00:40]} Qc7 {[%clk 00:39:45]} {[%emt 00:03:17]} 10.
c3 {[%clk 00:37:10]} {[%emt 00:02:56]} Ba6 {[%clk 00:36:56]} {[%emt 00:03:03]}
11. exd5 {[%clk 00:35:51]} {[%emt 00:01:35]} Nxd5 {[%clk 00:35:54]} {[%emt
00:01:17]} 12. Nc4 {[%clk 00:35:50]} {[%emt 00:00:16]} Rad8 {[%clk 00:34:38]}
{[%emt 00:01:31]} 13. Qe2 {[%clk 00:35:21]} {[%emt 00:00:44]} Rfe8 {[%clk
00:33:07]} {[%emt 00:01:47]} 14. Bg5 {[%clk 00:34:08]} {[%emt 00:01:27]} h6
{[%clk 00:32:36]} {[%emt 00:00:46]} 15. Bxe7 {[%clk 00:34:17]} {[%emt
00:00:06]} Rxe7 {[%clk 00:32:38]} {[%emt 00:00:13]} 16. Nfe5 {[%clk 00:31:27]}
{[%emt 00:03:05]} Nxe5 {[%clk 00:29:28]} {[%emt 00:03:25]} 17. Nxe5 {[%clk
00:31:17]} {[%emt 00:00:25]} Bb7 {[%clk 00:29:03]} {[%emt 00:00:40]} 18. Rad1
{[%clk 00:25:22]} {[%emt 00:06:10]} Nf6 {[%clk 00:28:28]} {[%emt 00:00:50]} 19.
Bxb7 {[%clk 00:25:26]} {[%emt 00:00:11]} 1/2-1/2